000 00582nam a2200169Ia 4500
005 20250508152035.0
008 008 250505s9999 xx 000 0 eng d
037 _aTextual
040 _aFEDL
_beng
_cFEDL
041 _aeng
_2eng
084 _a383.4, UNE
_qFEDL
245 0 _aRound the world with a postage stamp: A booklet for teachers and children about the universal postal union
260 _aParis, France
_bUnited Nations Educational, Scientific and Cultural Organization
_c1953
300 _a38p.
942 _cTEXL
_h383.4, UNE
999 _c1333860
_d1333860